Hybrid Energy Systems Driving Reliable Renewable Sources of Energy Storage /

This book discusses innovations in the field of hybrid energy storage systems (HESS) and covers the durability, practicality, cost-effectiveness, and utility of a HESS.  It demonstrates how the coupling of two or more energy storage technologies can interact with and support renewable energy power s...

Πλήρης περιγραφή

Λεπτομέρειες βιβλιογραφικής εγγραφής
Κύριος συγγραφέας: Zohuri, Bahman (Συγγραφέας, http://id.loc.gov/vocabulary/relators/aut)
Συγγραφή απο Οργανισμό/Αρχή: SpringerLink (Online service)
Μορφή: Ηλεκτρονική πηγή Ηλ. βιβλίο
Γλώσσα:English
Έκδοση: Cham : Springer International Publishing : Imprint: Springer, 2018.
Έκδοση:1st ed. 2018.
Θέματα:
Διαθέσιμο Online:Full Text via HEAL-Link
LEADER 03015nam a2200469 4500
001 978-3-319-70721-1
003 DE-He213
005 20191021202819.0
007 cr nn 008mamaa
008 171125s2018 gw | s |||| 0|eng d
020 |a 9783319707211  |9 978-3-319-70721-1 
024 7 |a 10.1007/978-3-319-70721-1  |2 doi 
040 |d GrThAP 
050 4 |a TJ807-830 
072 7 |a THX  |2 bicssc 
072 7 |a TEC031010  |2 bisacsh 
072 7 |a THV  |2 thema 
082 0 4 |a 621.042  |2 23 
100 1 |a Zohuri, Bahman.  |e author.  |4 aut  |4 http://id.loc.gov/vocabulary/relators/aut 
245 1 0 |a Hybrid Energy Systems  |h [electronic resource] :  |b Driving Reliable Renewable Sources of Energy Storage /  |c by Bahman Zohuri. 
250 |a 1st ed. 2018. 
264 1 |a Cham :  |b Springer International Publishing :  |b Imprint: Springer,  |c 2018. 
300 |a XVIII, 287 p. 159 illus., 150 illus. in color.  |b online resource. 
336 |a text  |b txt  |2 rdacontent 
337 |a computer  |b c  |2 rdamedia 
338 |a online resource  |b cr  |2 rdacarrier 
347 |a text file  |b PDF  |2 rda 
520 |a This book discusses innovations in the field of hybrid energy storage systems (HESS) and covers the durability, practicality, cost-effectiveness, and utility of a HESS.  It demonstrates how the coupling of two or more energy storage technologies can interact with and support renewable energy power systems.  Different structures of stand-alone renewable energy power systems with hybrid energy storage systems such as passive, semi-active, and active hybrid energy storage systems are examined.  A detailed review of the state-of-the-art control strategies, such as classical control strategies and intelligent control strategies for renewable energy power systems with hybrid energy storage systems are highlighted. The future trends for combination and control of the two systems are also discussed. Discusses the Coenergy Hybrid Energy Storage System (CHESS) as a method of transitioning large-scale energy storage sites to integrated solar energy supply and storage; Presents an innovative and unique solution to the challenges of integrating renewable energy sources; Describes the benefits, uses, and challenges related to a Hybrid Energy Storage System. 
650 0 |a Renewable energy resources. 
650 0 |a Energy systems. 
650 0 |a Energy storage. 
650 1 4 |a Renewable and Green Energy.  |0 http://scigraph.springernature.com/things/product-market-codes/111000 
650 2 4 |a Energy Systems.  |0 http://scigraph.springernature.com/things/product-market-codes/115000 
650 2 4 |a Energy Storage.  |0 http://scigraph.springernature.com/things/product-market-codes/116000 
710 2 |a SpringerLink (Online service) 
773 0 |t Springer eBooks 
776 0 8 |i Printed edition:  |z 9783319707204 
776 0 8 |i Printed edition:  |z 9783319707228 
776 0 8 |i Printed edition:  |z 9783319889832 
856 4 0 |u https://doi.org/10.1007/978-3-319-70721-1  |z Full Text via HEAL-Link 
912 |a ZDB-2-ENE 
950 |a Energy (Springer-40367)